000 00909cam a2200241 4500
008 020226n2002 000 0 eng u
035 _a(Sirsi) u116842
050 _a692.8
_c18
110 _aJoint Contracts Tribunal
_93664
245 _aStandard form of prime cost contract 1998 edition. Amendment 4 and guidance notes issued January 2002 : extension of time / loss and expense
260 _aLondon
_bRIBA
_c2002
300 _a4p.
_c30cm.
350 _a0.80
490 _aJCT Standard Form of Prime Cost Contract 1998 Edition
_vAmendment 4
650 _aBUILT ENVIRONMENT-BUILDING CONTRACT FORMS
650 _aEXTENSIONS OF TIME
650 _aEXPENSES
650 _aBUILT ENVIRONMENT-BUILDING CONTRACT FORMS-STANDARD FORMS OF BUILDING CONTRACT-JOINT CONTRACTS TRIBNUAL CONTRACTS
650 _aLOSSES
650 _aPCC 1998
690 _aBUILT ENVIRONMENT-BUILDING CONTRACT FORMS
942 _n0
999 _c101906
_d101906